[Event "XII Paracin Festival 2019"]
[Site "Paracin"]
[Date "2019.07.08"]
[Round "4.13"]
[White "Lazov, Toni"]
[Black "Perunovic, Milos"]
[Result "1/2-1/2"]
[WhiteElo "2313"]
[BlackElo "2597"]
[Annotator "ChessBase"]
[PlyCount "98"]
[EventDate "2019.07.05"]
[EventType "swiss"]
[EventCountry "SRB"]
[SourceTitle "playchess.com"]
[Source "ChessBase"]
[SourceQuality "1"]
[TimeControl "5400+30"]

1. e4 {[%emt 0:00:31]} c5 {[%emt 0:00:00]} 2. Nf3 {[%emt 0:00:15]} Nc6 {[%emt 0:00:18]} 3. Bb5 {[%emt 0:00:13]} g6 {[%emt 0:00:25]} 4. Bxc6 {[%emt 0:01:00]} dxc6 {[%emt 0:00:09]} 5. d3 {[%emt 0:00:20]} Bg7 {[%emt 0:00:11]} 6. h3 {[%emt 0:00:15]} Nf6 {[%emt 0:01:12]} 7. Nc3 {[%emt 0:05:00]} Nd7 {[%emt 0:01:32]} 8. Be3 {[%emt 0:01:03]} e5 {[%emt 0:00:41]} 9. Qd2 {[%emt 0:02:21]} h6 {[%emt 0:00:16]} 10. O-O {[%emt 0:02:49]} b6 {[%emt 0:01:26]} 11. Nh2 {[%emt 0:08:24]} Nf8 {[%emt 0:01:12]} 12. f4 {[%emt 0:07:28]} exf4 {[%emt 0:00:50]} 13. Bxf4 {[%emt 0:00:11]} Ne6 {[%emt 0:02:09]} 14. Be3 {[%emt 0:06:22]} Nd4 {[%emt 0:06:27]} 15. Nd1 {[%emt 0:04:48]} Be6 {[%emt 0:24:41]} 16. c3 {[%emt 0:03:19]} Nb5 {[%emt 0:00:59]} 17. Nf2 {[%emt 0:00:18]} Nd6 {[%emt 0:04:29]} 18. Nhg4 {[%emt 0:10:51]} h5 {[%emt 0:11:32]} 19. Bg5 {[%emt 0:19:32]} f6 {[%emt 0:01:37]} 20. Nxf6+ {[%emt 0:00:08]} Bxf6 {[%emt 0:00:06]} 21. Bxf6 {[%emt 0:00:05]} Qxf6 {[%emt 0:00:06]} 22. e5 {[%emt 0:00:05]} Qxe5 {[%emt 0:00:44]} 23. Rae1 {[%emt 0:00:08]} Qd5 {[%emt 0:00:04]} 24. Qe3 {[%emt 0:11:55]} O-O-O {[%emt 0:02:19]} 25. Qxe6+ {[%emt 0:00:07]} Kc7 {[%emt 0:04:08]} 26. Re5 {[%emt 0:03:28]} Rhe8 27. Qxd5 {[%emt 0:00:03]} cxd5 {[%emt 0:00:36]} 28. Rxd5 {[%emt 0:04:27]} Re2 {[%emt 0:02:57]} 29. b4 {[%emt 0:00:30]} Nf5 {[%emt 0:00:06]} 30. Rxd8 {[%emt 0:00:34]} Kxd8 31. bxc5 {[%emt 0:02:40]} bxc5 {[%emt 0:00:37]} 32. Rb1 {[%emt 0:02:35]} Rxa2 {[%emt 0:04:57]} 33. g4 {[%emt 0:00:27]} hxg4 {[%emt 0:00:56]} 34. hxg4 {[%emt 0:00:02]} Nd6 {[%emt 0:00:17]} 35. Kg2 {[%emt 0:01:32]} c4 {[%emt 0:05:50]} 36. Kf3 {[%emt 0:01:28]} Rc2 {[%emt 0:00:16]} 37. Ne4 {[%emt 0:02:27]} Nxe4 {[%emt 0:01:26]} 38. Kxe4 {[%emt 0:00:01]} Rxc3 {[%emt 0:00:09]} 39. Kd4 {[%emt 0:01:15]} Rxd3+ {[%emt 0:00:08]} 40. Kxc4 {[%emt 0:00:01]} Rd7 {[%emt 0:02:18]} 41. Ra1 {[%emt 0:00:18]} Ke7 {[%emt 0:01:02]} 42. Ra6 {[%emt 0:00:03]} Rd6 {[%emt 0:00:08]} 43. Rxa7+ {[%emt 0:00:09]} Kf6 {[%emt 0:00:01]} 44. Ra5 {[%emt 0:00:46]} Rd1 {[%emt 0:02:06]} 45. g5+ {[%emt 0:00:16]} Ke6 {[%emt 0:00:05]} 46. Kc3 {[%emt 0:00:24]} Rd8 {[%emt 0:00:48]} 47. Kc2 {[%emt 0:00:25]} Rd5 {[%emt 0:02:28]} 48. Rxd5 {[%emt 0:00:13]} Kxd5 {[%emt 0:00:06]} 49. Kd3 {[%emt 0:00:04]} Ke5 1/2-1/2

[Event "XII Paracin Festival 2019"]
[Site "Paracin"]
[Date "2019.07.08"]
[Round "4.14"]
[White "Sanal, Vahap"]
[Black "Dedebas, Emre Emin"]
[Result "1-0"]
[WhiteElo "2520"]
[BlackElo "2301"]
[Annotator "ChessBase"]
[PlyCount "53"]
[EventDate "2019.07.05"]
[EventType "swiss"]
[EventCountry "SRB"]
[SourceTitle "playchess.com"]
[Source "ChessBase"]
[SourceQuality "1"]
[TimeControl "5400+30"]

1. e4 {[%emt 0:00:00]} e5 {[%emt 0:00:31]} 2. Nf3 {[%emt 0:00:28]} Nc6 {[%emt 0:00:25]} 3. Bb5 {[%emt 0:00:03]} Nf6 {[%emt 0:00:06]} 4. d3 {[%emt 0:01:23]} Bc5 {[%emt 0:00:14]} 5. c3 {[%emt 0:00:15]} d6 {[%emt 0:04:42]} 6. d4 {[%emt 0:00:57]} exd4 {[%emt 0:13:18]} 7. cxd4 {[%emt 0:00:11]} Bb4+ {[%emt 0:09:39]} 8. Bd2 {[%emt 0:02:43]} Bxd2+ {[%emt 0:06:08]} 9. Nbxd2 {[%emt 0:01:22]} O-O {[%emt 0:09:03]} 10. Bxc6 {[%emt 0:02:10]} bxc6 {[%emt 0:00:04]} 11. O-O {[%emt 0:00:32]} Ba6 {[%emt 0:08:03]} 12. Re1 {[%emt 0:04:25]} Nd7 {[%emt 0:07:56]} 13. Qa4 {[%emt 0:02:54]} Bb7 {[%emt 0:00:52]} 14. Nb3 {[%emt 0:00:16]} Nb6 {[%emt 0:03:29]} 15. Qb4 {[%emt 0:01:23]} Rb8 {[%emt 0:01:55]} 16. Rac1 {[%emt 0:02:45]} Qd7 {[%emt 0:00:29]} 17. Na5 {[%emt 0:02:38]} Ba8 {[%emt 0:00:28]} 18. Qc3 {[%emt 0:04:54]} c5 {[%emt 0:03:37]} 19. dxc5 {[%emt 0:00:29]} Na4 {[%emt 0:04:52]} 20. c6 {[%emt 0:00:42]} Nxc3 {[%emt 0:11:40]} 21. cxd7 {[%emt 0:00:23]} Nxe4 {[%emt 0:00:20]} 22. Rxc7 {[%emt 0:00:19]} Nf6 {[%emt 0:00:22]} 23. Rd1 {[%emt 0:05:40]} Rxb2 {[%emt 0:05:35]} 24. Nd4 {[%emt 0:06:07]} Rxa2 {[%emt 0:01:58]} 25. Nac6 {[%emt 0:00:14]} Nxd7 {[%emt 0:00:22]} 26. Rxd7 {[%emt 0:00:03]} g6 {[%emt 0:00:20]} 27. Rxa7 {[%emt 0:00:24]} 1-0

[Event "XII Paracin Festival 2019"]
[Site "Paracin"]
[Date "2019.07.08"]
[Round "4.15"]
[White "Peng, Shunkai"]
[Black "Savic, Miodrag R"]
[Result "1/2-1/2"]
[WhiteElo "2300"]
[BlackElo "2503"]
[Annotator "TA"]
[PlyCount "247"]
[EventDate "2019.07.05"]
[EventType "swiss"]
[EventCountry "SRB"]
[SourceTitle "playchess.com"]
[Source "ChessBase"]
[SourceQuality "1"]

{[%evp 13,247,26,42,29,43,36,40,41,20,34,58,57,49,18,14,4,0,0,0,-6,-7,0,39,-34,-30,-54,-43,-51,-51,-48,-48,-47,-39,-39,-39,-79,-79,-79,-55,-82,-79,-112,-53,-53,-53,-81,-53,-130,-53,-53,0,-108,-53,-53,-53,-53,-53,-53,-53,-53,-53,-68,-53,-53,-53,-53,-53,-53,0,-53,0,-53,-53,-55,0,-53,0,-53,-53,-51,-39,-75,-75,-107,-97,-107,-87,-107,-107,-107,-107,-107,-107,-107,-107,-107,-107,-107,0,-107,-107,-107,-107,-107,-107,-107,-107,-107,-107,-107,-107,-107,-107,-107,-107,-107,-107,-107,-100,-107,-93,-107,-107,-107,-107,-107,-93,-107,-107,-107,-100,-107,-107,-107,-93,-107,0,-107,0,0,0,0,0,0,0,0,0,0,0,0,0,0,0,0,0,0,0,0,0,0,0,0,0,0,0,0,0,0,0,0,408,276,270,260,250,0,139,0,0,0,140,137,279,0,0,0,245,0,0,0,225,0,0,0,214,210,390,0,0,0,0,0,0,0,0,0,0,0,0,0,0,0,0,0,0,0,0,0,0,0,0,0,0,0,0,0,0,0,0,0,0,0,0,0,0,0]} 1. e4 d5 2. exd5 Qxd5 3. Nc3 Qa5 4. d4 c6 5. Nf3 Nf6 6. Bc4 Bf5 7. Bd2 Nbd7 8. Nh4 {B01: Scandinavian Defence} (8. Qe2 Qc7 9. h3 e6 10. g4 Bg6 11. Ne5 Nxe5 12. dxe5 Nd7 13. f4 Bxc2 14. Rc1 Bg6 15. f5 exf5 16. Nb5 Qxe5 {½-½ (51) Zhang,Z (2634)-Zhou,J (2612) China 2016}) 8... Bg4 9. f3 Qh5 $1 10. g3 $146 {White is slightly better.} ({Predecessor:} 10. O-O Bh3 11. Qe1 g5 12. Qg3 Qxh4 13. Qxh4 gxh4 14. gxh3 Nb6 15. Bd3 O-O-O {½-½ (75) Low,Z (2194)-Le,H (2106) Ho Chi Minh City 2016}) 10... Bh3 $1 11. Qe2 Nb6 12. Bb3 O-O-O 13. O-O-O e6 14. Be1 Nbd5 15. Nxd5 exd5 16. Qf2 g5 17. Ng2 g4 18. f4 (18. Nf4 $14 Bh6 19. Bd2 Bxf4 20. Bxf4) 18... Ne4 $36 {[%mdl 2048] Black has the initiative.} 19. Qg1 Bg7 20. c3 f5 21. Bf2 Bxg2 22. Qxg2 Qf7 23. h3 h5 24. hxg4 hxg4 25. Bc2 Rde8 26. Rdf1 Kb8 27. Be1 Qg6 (27... c5 $17 28. dxc5 Rxh1 29. Rxh1 d4 30. Bxe4 Rxe4 31. cxd4 Qd5) 28. Bd3 a6 29. Rfg1 Ka7 30. Bf1 (30. Rxh8 $15 Rxh8 31. Rh1) 30... Ng5 (30... Rxh1 $17 31. Rxh1 c5 32. dxc5 d4) 31. Be2 $1 Ne4 (31... Nf7 $15) 32. Bf1 $1 $17 Bf6 (32... Rxh1 $17 33. Rxh1 c5 34. dxc5 d4) 33. Rxh8 $15 Rxh8 34. Rh1 Rh6 35. Qg1 Bd8 36. Rxh6 Qxh6 37. Bf2 Bb6 38. Be3 Qe6 39. Bd3 Nd6 40. Bf2 Ne4 41. Be3 Qh6 42. Bf1 Ka8 43. Kc2 Ka7 (43... Bd8 {feels hotter.} 44. a4 Kb8 45. Bd3 Qh7 46. Kb1 Bf6) 44. Kc1 $1 Qe6 45. Bd3 Bc7 46. Kc2 b5 47. a3 a5 {[%cal Ba6a5,Ba5a4][%mdl 32]} 48. b4 a4 49. Bf2 Kb7 50. Be3 Nd6 51. Bc1 Qh6 52. Be3 Ne4 53. Bf1 Qh7 54. Qg2 Nd6 55. Qg1 Qh6 (55... Qh8 $17) 56. Bd2 (56. Bd3 $11) 56... Kc8 $17 57. Be3 Ne4 58. Qg2 Kd7 59. Qg1 Bd6 60. Kd3 Be7 61. Kc2 Qh8 62. Kd3 Ke6 63. Kc2 Kf7 64. Bd2 Kg6 65. Be1 Bd6 66. Bd2 Qh6 67. Be3 Qh7 68. Bd2 Qh8 69. Be1 Qh6 70. Qg2 Kf6 71. Qg1 Kf7 72. Qg2 Kg6 73. Qg1 Bc7 74. Bd3 Bd6 75. Bf1 $1 Bxf4 ({Better is} 75... Bf8 $17) 76. gxf4 $11 Qxf4 77. Be2 Qg5 78. Bd3 f4 79. Bd2 g3 80. Qg2 Qg4 81. Be2 Qf5 82. Kc1 Ng5 83. Bd1 Kf6 84. Bf3 Qd3 85. Be2 $1 {[%cal Re2d3]} Qf5 $1 86. Bf3 Nh3 87. Be2 Ng5 88. Bf3 Kg6 89. Bd1 Kg7 90. Bf3 Kf6 (90... Qd3 $5 91. Be2 $8 Qf5 $11) 91. Qh1 Qd3 $2 {[%mdl 8192]} (91... Kg7 $11) 92. Bd1 Qf5 93. Qh8+ Ke7 94. Bh5 $2 (94. Bc2 $18 Ne4 95. Qh4+ Ke6 96. Qh6+ (96. Bxf4 g2 $16) 96... Kf7 97. Qxf4 Qxf4 98. Bxf4) 94... Ne6 (94... Nf7 $11 {keeps the balance.} 95. Bxf7 Kxf7) 95. Qe8+ ({White must play} 95. Bf3 $1 $16) 95... Kf6 {Hoping for ...g2.} 96. Qh8+ (96. Bf3 $11 Qh3 97. Bh5) 96... Ke7 $16 97. Bf3 $1 ({Resist} 97. Qe8+ Kf6 $14) 97... Ng5 (97... Kd7 $16 {is a better defense.}) 98. Bh5 $2 ({White should try} 98. Qh4 $18 Qf6 99. Qg4 (99. Bxf4 Nxf3 100. Qxg3 Ng1 $11)) 98... Ne6 {White must now prevent ...g2.} 99. Qe8+ Kd6 $2 (99... Kf6 $11) 100. Qb8+ $2 (100. Bf3 $18) 100... Kd7 $11 101. Qe8+ $2 (101. Bf3 $11) 101... Kd6 $18 102. Qb8+ $2 (102. Bf3 $18) 102... Ke7 $2 (102... Kd7 $11 {and Black is okay.} 103. Qe8+ Kc7) 103. Qe8+ Kd6 {Strongly threatening ...g2.} 104. Bf3 Qg5 $2 {[#]} (104... Kc7 {keeps fighting.} 105. Qe7+ Kb6) 105. Qf7 $2 (105. c4 $1 $18 {[%cal Rc4c5] aiming for c5+.} bxc4 106. b5 Nxd4 107. Qb8+ Ke6 108. Bxf4 {[%mdl 64] Double Attack}) 105... g2 $11 {[#]The position is equal.} 106. Bxg2 $1 {[%mdl 512]} Qxg2 107. Bxf4+ Nxf4 108. Qxf4+ {[%mdl 4096] Endgame KQ-KQ} Ke6 109. Qe5+ Kd7 110. Qf5+ Kc7 111. Qh7+ Kb6 112. Qc2 Qh1+ 113. Qd1 Qh3 114. Qd2 Qg3 115. Kb2 Kc7 116. Kc2 Kd7 117. Qe2 Qg6+ 118. Kb2 Qe6 (118... Qe4 {is interesting.} 119. Qf2 Ke6 120. Qg3 Qe2+ 121. Kc1 Kf5) 119. Qxe6+ Kxe6 120. Kc2 Kf5 121. Kd3 Kf4 {And now ...Kf3 would win.} 122. Kd2 Kf3 {Threatens to win with ...Kf2.} 123. Kd3 Kf4 {...Kf3 is the strong threat.} (123... Kf2 $5 124. Kd2 $8 Kg3 $11) 124. Kd2 {Accuracy: White = 63%, Black = 50%.} 1/2-1/2

[Event "XII Paracin Festival 2019"]
[Site "Paracin"]
[Date "2019.07.08"]
[Round "4.16"]
[White "Boldoo, Erdenepurev"]
[Black "Lorparizangeneh, Shahin"]
[Result "0-1"]
[WhiteElo "2295"]
[BlackElo "2494"]
[Annotator "ChessBase"]
[PlyCount "50"]
[EventDate "2019.07.05"]
[EventType "swiss"]
[EventCountry "SRB"]
[SourceTitle "playchess.com"]
[Source "ChessBase"]
[SourceQuality "1"]
[TimeControl "5400+30"]

1. d4 {[%emt 0:00:00]} d5 {[%emt 0:02:55]} 2. c4 {[%emt 0:00:46]} e6 {[%emt 0:00:05]} 3. Nc3 {[%emt 0:00:15]} Bb4 {[%emt 0:00:11]} 4. e3 {[%emt 0:02:31]} Nf6 {[%emt 0:00:46]} 5. a3 {[%emt 0:01:10]} Bxc3+ {[%emt 0:00:39]} 6. bxc3 {[%emt 0:00:01]} c6 {[%emt 0:00:19]} 7. Bd3 {[%emt 0:07:09]} e5 {[%emt 0:01:50]} 8. dxe5 {[%emt 0:05:39]} dxc4 {[%emt 0:00:16]} 9. exf6 {[%emt 0:05:30]} cxd3 {[%emt 0:03:07]} 10. fxg7 {[%emt 0:03:19]} Rg8 {[%emt 0:00:07]} 11. Qh5 {[%emt 0:00:20]} Qf6 {[%emt 0:06:31]} 12. Bb2 {[%emt 0:22:28]} Rxg7 {[%emt 0:04:57]} 13. Nf3 {[%emt 0:01:31]} Rxg2 {[%emt 0:23:08]} 14. Qe5+ {[%emt 0:00:27]} Qxe5 {[%emt 0:00:15]} 15. Nxe5 {[%emt 0:00:02]} Bf5 {[%emt 0:00:40]} 16. Rd1 {[%emt 0:06:47]} Nd7 {[%emt 0:10:20]} 17. Nxd3 {[%emt 0:00:41]} Bg4 {[%emt 0:01:27]} 18. Rd2 {[%emt 0:04:25]} Bf3 {[%emt 0:01:53]} 19. Kf1 {[%emt 0:00:56]} O-O-O {[%emt 0:18:10]} 20. Ne1 {[%emt 0:14:46]} Rxf2+ {[%emt 0:00:11]} 21. Rxf2 {[%emt 0:00:04]} Bxh1 {[%emt 0:00:05]} 22. c4 {[%emt 0:00:09]} Nb6 {[%emt 0:01:52]} 23. Rf4 {[%emt 0:02:01]} f5 {[%emt 0:01:46]} 24. Rxf5 {[%emt 0:04:26]} Nxc4 {[%emt 0:00:36]} 25. Bd4 {[%emt 0:01:23]} Rxd4 {[%emt 0:00:37]} 0-1

[Event "XII Paracin Festival 2019"]
[Site "Paracin"]
[Date "2019.07.08"]
[Round "4.17"]
[White "Milanovic, Danilo"]
[Black "Stefansson, Vignir Vatnar"]
[Result "1/2-1/2"]
[WhiteElo "2492"]
[BlackElo "2293"]
[Annotator "ChessBase"]
[PlyCount "93"]
[EventDate "2019.07.05"]
[EventType "swiss"]
[EventCountry "SRB"]
[SourceTitle "playchess.com"]
[Source "ChessBase"]
[SourceQuality "1"]
[TimeControl "5400+30"]

1. d4 {[%emt 0:03:42]} Nf6 {[%emt 0:00:00]} 2. Nf3 {[%emt 0:01:27]} e6 3. Bg5 {[%emt 0:03:05]} d5 {[%emt 0:05:05]} 4. e3 c5 {[%emt 0:00:41]} 5. c4 {[%emt 0:10:58]} cxd4 {[%emt 0:03:46]} 6. exd4 {[%emt 0:00:28]} Be7 {[%emt 0:05:16]} 7. Nc3 {[%emt 0:00:49]} O-O {[%emt 0:05:07]} 8. Bd3 {[%emt 0:02:21]} dxc4 {[%emt 0:00:07]} 9. Bxc4 {[%emt 0:00:06]} b6 {[%emt 0:02:38]} 10. O-O {[%emt 0:01:19]} Bb7 {[%emt 0:03:05]} 11. Qe2 {[%emt 0:09:51]} Nc6 {[%emt 0:04:04]} 12. Rad1 {[%emt 0:02:39]} Nb4 {[%emt 0:00:44]} 13. Ne5 {[%emt 0:01:49]} Nbd5 {[%emt 0:00:40]} 14. Rd3 {[%emt 0:01:27]} g6 {[%emt 0:24:00]} 15. Bh6 {[%emt 0:22:46]} Re8 {[%emt 0:00:16]} 16. Nxd5 {[%emt 0:03:39]} Nxd5 {[%emt 0:00:29]} 17. Bb5 {[%emt 0:00:06]} Nb4 {[%emt 0:03:09]} 18. Rg3 {[%emt 0:12:25]} Qd5 {[%emt 0:14:15]} 19. Re1 {[%emt 0:04:26]} Rec8 {[%emt 0:07:46]} 20. Bc4 {[%emt 0:03:38]} Rxc4 {[%emt 0:05:23]} 21. Nxc4 {[%emt 0:00:07]} Rc8 {[%emt 0:01:28]} 22. Ne3 {[%emt 0:05:40]} Qe4 {[%emt 0:00:02]} 23. a3 {[%emt 0:02:41]} Ba6 {[%emt 0:05:00]} 24. Qd2 {[%emt 0:00:09]} Nd3 {[%emt 0:00:46]} 25. Rg4 {[%emt 0:00:16]} Qb7 {[%emt 0:00:30]} 26. Rd1 {[%emt 0:00:36]} f5 {[%emt 0:00:19]} 27. Rg3 {[%emt 0:00:47]} f4 {[%emt 0:02:20]} 28. Rf3 {[%emt 0:00:17]} fxe3 {[%emt 0:00:07]} 29. Rxe3 {[%emt 0:00:07]} Bf8 {[%emt 0:00:35]} 30. Bxf8 {[%emt 0:05:29]} Nf4 {[%emt 0:01:00]} 31. Rf3 {[%emt 0:00:45]} Ne2+ {[%emt 0:00:22]} 32. Kh1 {[%emt 0:00:20]} Rxf8 {[%emt 0:00:05]} 33. Rxf8+ {[%emt 0:00:24]} Kxf8 {[%emt 0:00:01]} 34. f3 {[%emt 0:01:47]} Qd5 {[%emt 0:01:12]} 35. Qb4+ {[%emt 0:00:18]} Kf7 {[%emt 0:00:19]} 36. Qa4 {[%emt 0:00:06]} Bb7 {[%emt 0:02:03]} 37. Qxa7 {[%emt 0:00:12]} e5 {[%emt 0:00:08]} 38. Re1 {[%emt 0:00:30]} Nxd4 {[%emt 0:00:28]} 39. Qxb6 {[%emt 0:00:09]} Bc6 {[%emt 0:03:13]} 40. Qc7+ {[%emt 0:00:17]} Kf6 {[%emt 0:00:34]} 41. Qxh7 Nxf3 {[%emt 0:00:52]} 42. Rf1 {[%emt 0:00:50]} Qc4 {[%emt 0:01:04]} 43. Qh8+ {[%emt 0:01:02]} Kf7 {[%emt 0:00:09]} 44. Qh7+ {[%emt 0:00:12]} Kf6 {[%emt 0:00:09]} 45. Rd1 {[%emt 0:00:51]} Nd4 {[%emt 0:01:10]} 46. Qh8+ {[%emt 0:00:09]} Kf5 {[%emt 0:01:26]} 47. Qf8+ {[%emt 0:01:14]} 1/2-1/2

[Event "XII Paracin Festival 2019"]
[Site "Paracin"]
[Date "2019.07.08"]
[Round "4.18"]
[White "Peng, Xiongjian"]
[Black "Raghavi, N.."]
[Result "1-0"]
[WhiteElo "2467"]
[BlackElo "2290"]
[Annotator "ChessBase"]
[PlyCount "49"]
[EventDate "2019.07.05"]
[EventType "swiss"]
[EventCountry "SRB"]
[SourceTitle "playchess.com"]
[Source "ChessBase"]
[SourceQuality "1"]
[TimeControl "5400+30"]

1. Nf3 {[%emt 0:00:00]} f5 {[%emt 0:00:00]} 2. e4 {[%emt 0:00:16]} fxe4 {[%emt 0:01:18]} 3. Ng5 {[%emt 0:00:05]} Nf6 {[%emt 0:01:22]} 4. d3 {[%emt 0:00:09]} e3 {[%emt 0:10:56]} 5. Bxe3 {[%emt 0:03:24]} e5 {[%emt 0:12:02]} 6. d4 {[%emt 0:00:30]} exd4 {[%emt 0:05:04]} 7. Qxd4 {[%emt 0:00:46]} d5 {[%emt 0:02:15]} 8. Nc3 {[%emt 0:03:26]} Bg4 {[%emt 0:12:06]} 9. h3 {[%emt 0:02:42]} Nc6 {[%emt 0:01:03]} 10. Bb5 {[%emt 0:00:42]} Bd7 {[%emt 0:00:59]} 11. Qh4 {[%emt 0:05:28]} a6 {[%emt 0:10:04]} 12. Bd3 {[%emt 0:02:07]} Ne5 {[%emt 0:03:41]} 13. O-O-O {[%emt 0:01:20]} Be7 {[%emt 0:04:54]} 14. Rhe1 {[%emt 0:01:47]} h6 {[%emt 0:07:51]} 15. Nxd5 {[%emt 0:06:35]} Nxd5 {[%emt 0:01:11]} 16. Qh5+ {[%emt 0:00:35]} Kf8 {[%emt 0:00:26]} 17. Nh7+ {[%emt 0:01:49]} Rxh7 {[%emt 0:00:58]} 18. Qxe5 {[%emt 0:00:15]} Nf6 {[%emt 0:05:26]} 19. Bxh7 {[%emt 0:01:41]} Nxh7 {[%emt 0:00:19]} 20. Bc5 {[%emt 0:00:30]} Bxc5 {[%emt 0:03:46]} 21. Qxc5+ {[%emt 0:00:26]} Kg8 {[%emt 0:00:05]} 22. Qd5+ {[%emt 0:00:05]} Kh8 {[%emt 0:00:19]} 23. Qxd7 {[%emt 0:00:06]} Qg5+ {[%emt 0:00:09]} 24. Kb1 {[%emt 0:00:05]} Rf8 {[%emt 0:00:36]} 25. Re8 {[%emt 0:00:32]} 1-0

[Event "XII Paracin Festival 2019"]
[Site "Paracin"]
[Date "2019.07.08"]
[Round "4.19"]
[White "Gan-Od, Sereenen"]
[Black "Pikula, Dejan"]
[Result "1-0"]
[WhiteElo "2294"]
[BlackElo "2447"]
[Annotator "NA"]
[PlyCount "165"]
[EventDate "2019.07.05"]
[EventType "swiss"]
[EventCountry "SRB"]
[SourceTitle "playchess.com"]
[Source "ChessBase"]
[SourceQuality "1"]
[TimeControl "5400+30"]

1. d4 {[%emt 0:00:00]} Nf6 {[%emt 0:00:00]} 2. Nf3 {[%emt 0:01:19]} e6 {[%emt 0:00:00]} 3. Bf4 {[%emt 0:00:12]} c5 {[%emt 0:02:38]} 4. c3 {[%emt 0:00:57]} d5 {[%emt 0:00:06]} 5. e3 {[%emt 0:00:04]} Bd6 {[%emt 0:00:13]} 6. Bg3 {[%emt 0:00:08]} Qc7 {[%emt 0:00:06]} 7. Nbd2 {[%emt 0:00:15]} Nbd7 {[%emt 0:00:23]} 8. Bd3 {[%emt 0:00:27]} O-O {[%emt 0:03:39]} 9. O-O {[%emt 0:05:51]} e5 {[%emt 0:01:22]} 10. dxe5 {[%emt 0:02:23]} Nxe5 {[%emt 0:00:06]} 11. Nxe5 {[%emt 0:00:51]} Bxe5 {[%emt 0:00:05]} 12. Qa4 {[%emt 0:01:37]} Bxg3 {[%emt 0:04:15]} 13. hxg3 {[%emt 0:00:51]} Bd7 {[%emt 0:19:34]} 14. Qh4 {[%emt 0:03:00]} Rfe8 {[%emt 0:01:17]} 15. Rfe1 {[%emt 0:15:56]} h6 {[%emt 0:03:01]} 16. e4 {[%emt 0:00:50]} Bc6 {[%emt 0:00:43]} 17. exd5 {[%emt 0:01:41]} Bxd5 {[%emt 0:01:22]} 18. Bc4 {[%emt 0:01:27]} Qc6 {[%emt 0:01:06]} 19. Rxe8+ {[%emt 0:09:59]} Rxe8 {[%emt 0:00:52]} 20. Bf1 {[%emt 0:00:18]} Qb6 {[%emt 0:06:36]} 21. b4 {[%emt 0:12:34]} cxb4 {[%emt 0:02:02]} 22. Qxb4 {[%emt 0:00:40]} Qxb4 {[%emt 0:03:23]} 23. cxb4 {[%emt 0:01:31]} Rc8 {[%emt 0:00:04]} 24. a3 {[%emt 0:03:54]} Rc2 {[%emt 0:01:28]} 25. Nf3 {[%emt 0:02:57]} a6 {[%emt 0:04:18]} 26. Rd1 {[%emt 0:02:45]} Ra2 {[%emt 0:02:26]} 27. Nd4 {[%emt 0:06:50]} g6 {[%emt 0:01:21]} 28. Rd3 {[%emt 0:03:47]} Bc4 {[%emt 0:09:08]} 29. Rf3 {[%emt 0:00:46]} Ra1 {[%emt 0:03:19]} 30. Rxf6 {[%emt 0:00:10]} Kg7 {[%emt 0:01:29]} 31. Rf4 {[%emt 0:00:13]} Bxf1 {[%emt 0:00:26]} 32. Nb3 {[%emt 0:01:00]} Re1 {[%emt 0:02:30]} 33. Kh2 {[%emt 0:00:41]} Bb5 {[%emt 0:00:57]} 34. Nd4 {[%emt 0:01:07]} Ba4 {[%emt 0:01:37]} 35. Rf3 {[%emt 0:01:21]} Ra1 {[%emt 0:00:36]} 36. Re3 {[%emt 0:00:32]} Ra2 {[%emt 0:00:14]} 37. Kg1 {[%emt 0:01:33]} Ra1+ {[%emt 0:01:52]} 38. Kh2 {[%emt 0:00:08]} Rd1 {[%emt 0:00:05]} 39. Nf3 {[%emt 0:01:04]} Bd7 {[%emt 0:05:34]} 40. Ne5 {[%emt 0:00:41]} Be6 {[%emt 0:00:10]} 41. Nd3 {[%emt 0:01:34]} b6 {[%emt 0:00:19]} 42. Nf4 {[%emt 0:00:23]} Bd7 {[%emt 0:02:08]} 43. Rc3 {[%emt 0:00:07]} Kf6 {[%emt 0:03:27]} 44. f3 {[%emt 0:01:27]} g5 {[%emt 0:03:11]} 45. Nh5+ {[%emt 0:00:21]} Kg6 {[%emt 0:00:21]} 46. g4 {[%emt 0:00:18]} f5 {[%emt 0:00:09]} 47. Ng3 {[%emt 0:00:25]} fxg4 {[%emt 0:00:06]} 48. fxg4 {[%emt 0:00:05]} Rd4 {[%emt 0:00:09]} 49. Rc7 {[%emt 0:00:24]} a5 {[%emt 0:01:11]} 50. Rb7 {[%emt 0:00:17]} Bxg4 {[%emt 0:00:48]} 51. Rxb6+ {[%emt 0:00:09]} Kg7 {[%emt 0:00:02]} 52. bxa5 h5 {[%emt 0:00:22]} 53. Rb4 {[%emt 0:07:42]} Rd5 {[%emt 0:00:02]} 54. Rb7+ {[%emt 0:00:57]} Kg6 {[%emt 0:00:08]} 55. Rb6+ {[%emt 0:00:08]} Kg7 {[%emt 0:01:40]} 56. a6 {[%emt 0:01:22]} Ra5 {[%emt 0:00:01]} 57. Ne4 {[%emt 0:00:04]} Be2 {[%emt 0:00:02]} 58. Rb7+ {[%emt 0:01:57]} Kg6 {[%emt 0:00:07]} 59. a7 {[%emt 0:00:13]} h4 {[%emt 0:01:35]} 60. Nc3 {[%emt 0:00:47]} Bc4 {[%emt 0:00:35]} 61. Rb4 {[%emt 0:00:24]} Rxa7 {[%emt 0:00:08]} 62. Rxc4 {[%emt 0:00:06]} Rxa3 {[%emt 0:00:00]} 63. Rc6+ {[%emt 0:00:48]} Kf5 {[%emt 0:00:07]} 64. Rc5+ {[%emt 0:00:09]} Kf4 {[%emt 0:00:16]} 65. Ne2+ {[%emt 0:00:35]} Kg4 {[%emt 0:00:10]} 66. Ng1 {[%emt 0:00:20]} Rg3 {[%emt 0:01:56]} 67. Nf3 {[%emt 0:02:25]} Kh5 {[%emt 0:00:05]} 68. Rc8 {[%emt 0:00:20]} Kh6 {[%emt 0:00:13]} 69. Rc6+ {[%emt 0:01:04]} Kh5 {[%emt 0:00:14]} 70. Ne5 {[%emt 0:00:27]} Re3 {[%emt 0:00:36]} 71. Nf7 {[%emt 0:00:20]} Re7 {[%emt 0:00:35]} 72. Rf6 {[%emt 0:00:41]} Kg4 {[%emt 0:02:19]} 73. Nh6+ {[%emt 0:01:29]} Kh5 {[%emt 0:00:02]} 74. Nf5 {[%emt 0:00:03]} Re2 {[%emt 0:00:30]} 75. Nd4 {[%emt 0:00:23]} Re5 {[%emt 0:02:31]} 76. Nf3 {[%emt 0:02:33]} Re4 {[%emt 0:00:07]} 77. Rf5 {[%emt 0:00:36]} Rg4 {[%emt 0:00:05]} 78. Ra5 {[%emt 0:00:47]} Kh6 {[%emt 0:00:09]} 79. Ra6+ {[%emt 0:00:50]} Kh5 {[%emt 0:00:15]} 80. Ra8 {[%emt 0:00:01]} Kh6 {[%emt 0:00:08]} 81. Rg8 {[%emt 0:00:22]} Rg3 {[%emt 0:00:08]} 82. Ne5 {[%emt 0:01:55]} Kh7 {[%emt 0:00:29]} 83. Rg6 {[%emt 0:00:19]} 1-0